Statistics for UEFA Champions League Winners

Click here to take the quiz!

General Stats

  • This quiz has been taken 258,032 times
    (254,751 since last reset)
  • The average score is 14 of 22

Answer Stats

WinsTeam% Correct
5Barcelona
99%
13Real Madrid
98%
3Manchester United
96%
6Bayern Munich
94%
6Liverpool
93%
1Chelsea
93%
7A.C. Milan
90%
3Internazionale
85%
2Juventus
84%
2Porto
72%
1Borussia Dortmund
72%
4Ajax
70%
2Nottingham Forest
53%
2Benfica
51%
1Marseille
48%
1Celtic
44%
1Aston Villa
41%
1PSV Eindhoven
41%
1Red Star Belgrade
36%
1Hamburg
29%
1Feyenoord
27%
1Steaua Bucuresti
25%

Score Distribution

Percentile by Number Answered

Percent of People with Each Score

Your Score History

You have not taken this quiz since the last reset